000 06884cam a22020414i 4500
003 PE-LiUPU
005 20250813165902.0
008 150706s2012 sp a rb 000 0 spa d
020 _a8423427994
020 _a9788423427994
035 _a(Sirsi) i9788423427994
040 _aPE-LiUPU
_bspa
_cPE-LiUPU
_erda
049 _aPRUA
082 0 4 _a658.02
_bO83
_221
100 1 _aOsterwalder, Alexander,
_eautor.
245 1 0 _aGeneración de modelos de negocio :
_bun manual para visionarios, revolucionarios y retadores /
_cautores, Alexander Osterwalder e Yves Pigneur ; traducción, Lara Vázquez ; diseño, Alan Smith ; editor y coautor colaborador, Tim Clark ; producción, Patrick van der Pijl ; creado con la colaboración de un grupo excepcional formado por 470 profesionales de 45 países.
250 _aQunta edición.
264 1 _aBarcelona :
_bDeusto,
_c2012.
300 _a278 páginas :
_bilustraciones ;
_c19 centímetros.
336 _atext
_2rdacontent
337 _aunmediated
_2rdamedia
338 _avolume
_2rdacarrier
500 _aTítulo original: Business model generation.
504 _aBibliografía : página 276.
505 0 _aLienzo. Definición de un modelo de negocio -- Los nueve módulos -- Plantilla para el lienzo del modelo de negocio -- Patrones -- Desagregación de modelos de negocio -- La larga cola -- Plataformas multilaterales -- Gratis como modelo de negocio -- Modelos de negocio abiertos -- Diseño -- Aportaciones de clientes -- Ideación -- Pensamiento visual -- Creación de prototipos -- Narración de historias -- Escenarios -- Estrategia -- Entorno del modelo de negocio -- Evaluación de modelos de negocio -- Perspectiva de los modelos de negocio sobre la estrategia del océano azul -- Gestión de varios modelos de negocio -- Proceso de diseño de modelos de negocio.
526 _aP203
526 _aP200
526 _aSEG65
526 _aSEG64
526 _aSEG63
526 _aSEG62
526 _aSEG61
526 _aSEG60
526 _aSEG59
526 _aSEG58
526 _aSEG57
526 _aSEG56
526 _aSEG55
526 _aSEG54
526 _aSEG53
526 _aSEG52
526 _aSEG51
526 _aSEG50
526 _aSEG49
526 _aSEG48
526 _aSEG47
526 _aSEG46
526 _aSEG24
526 _aSEG23
526 _aSEG22
526 _aSEG21
526 _aSEG20
526 _aSEG19
526 _aSEG18
526 _aSEG17
526 _aSEG16
526 _aSEG14
526 _aSEG13
526 _aSEG12
526 _aSEG11
526 _aSEG10
526 _aSEG09
526 _aSEG06
526 _aSEG05
526 _aSEG04
526 _aSEG03
526 _aSEG02
526 _aSEG68
526 _aSEG66
526 _aSEG45
526 _aSEG25
526 _aSEG01
526 _aP163
526 _aP162
526 _aP161
526 _aP160
526 _aP159
526 _aP158
526 _aP157
526 _aP156
526 _aP155
526 _aP154
526 _aP153
526 _aP152
526 _aP151
526 _aP150
526 _aP149
526 _aP142
526 _aP141
526 _aP140
526 _aP139
526 _aP138
526 _aP137
526 _aP132
526 _aP131
526 _aP130
526 _aP126
526 _aP125
526 _aP124
526 _aP123
526 _aP115
526 _aP122
526 _aP121
526 _aP116
526 _a P114
526 _aP112
526 _aP111
526 _aP104
526 _aP103
526 _aP102
526 _aP101
526 _aP100
526 _aP96
526 _aP95
526 _aP93
526 _aP92
526 _aP91
526 _aP88
526 _aP83
526 _aP82
526 _aP79
526 _aP78
526 _aP75
526 _aP74
526 _aP71
526 _aP69
526 _a P51
526 _aP49
526 _aP48
526 _aP47
526 _aP33
526 _aP31
526 _a P30
526 _aP29
526 _aP27
526 _aP26
526 _aP25
526 _aP24
526 _a P22
526 _aP10
526 _aP09
526 _a P08
526 _aP06
526 _aP05
526 _aP04
526 _aP01
534 _pTítulo original :
_pBusiness model generation.
541 _g701-0035216;
541 _g001-0039195;
541 _g001-040344;
541 _Compra;
650 0 4 _aPlanificación estratégica.
650 0 4 _aPlanificación de empresas.
700 1 _aPigneur, Yves,
_eautor.
700 1 _aVázquez, Lara,
_etraductor.
700 1 _aClark, Tim1956- ,
_eeditor.
910 _agl
_cfsr
_d20121210
910 _ajck
_bjvq
_cjpc
_d20170719
910 _adbm
_bncf
_cncf
_d20180815
942 _2ddc
_cBOOK
949 _a658.02 O83
_wDEWEY
_c1
_i65882
_lCCODEBUL1
_mBUL
_p65.00
_r0
_sY
_tBOOK
_u2015-7-6
_xFCE
_PP04
_o.STAFF. Colección General
949 _a658.02 O83
_wDEWEY
_c1
_iFJ00111
_lCCODEBUJ1
_mBUJ
_p53.00
_r0
_sY
_tBOOK
_u2015-8-3
_xFCE
_PP08
_0COMPRA
_o.STAFF. Colección General Juliaca
994 _aC0
_bPEPRU
596 _a1 3
999 _a658.02 O83
_wDEWEY
_c54266
_i65882
_d54266
_e2019-3-18
_f2021-11-8
_g5
_lCCODEBUL1
_mBUL
_n1
_p65.00
_r0
_sY
_tBOOK
_u2015-7-6
_xFCE
_PP04
_0COMPRA
_o.STAFF. Colección General
999 _a658.02 O83
_wDEWEY
_c2
_i72350
_f2021-11-8
_g6
_lCCODEBUL1
_mBUL
_p41.06
_r0
_sY
_tBOOK
_u2016-1-7
_xFCE
_PP04
_0COMPRA
_o.STAFF. Colección General
999 _a658.02 O83
_wDEWEY
_c3
_i72351
_d2017-7-21
_e2017-7-21
_f2021-11-8
_g5
_lCCODEBUL1
_mBUL
_n2
_p41.06
_r0
_sY
_tBOOK
_u2016-1-7
_xFCE
_PP04
_0COMPRA
_o.STAFF. Colección General
999 _a658.02 O83
_wDEWEY
_c4
_i72352
_d2018-3-19
_e2018-3-15
_f2021-11-8
_g5
_lCCODEBUL1
_mBUL
_n6
_p41.06
_q1
_r0
_sY
_tBOOK
_u2016-1-7
_xFCE
_PP04
_0COMPRA
_o.STAFF. Colección General
999 _a658.02 O83
_wDEWEY
_c5
_i76471
_f2021-11-8
_g4
_lCCODEBUL1
_mBUL
_p74.00
_r0
_sY
_tBOOK
_u2017-7-19
_xFCE
_PP27
_0COMPRA
_o.STAFF. Colección Ingeniería y Arquitectura
999 _a658.02 O83
_wDEWEY
_c6
_i79293
_d2019-4-15
_e2019-4-9
_f2021-11-8
_g4
_lCCODEBUL1
_mBUL
_n2
_p39.32
_q1
_r0
_sY
_tBOOK
_u2018-8-15
_xFCE
_PP04
_0DONACION
_o.STAFF. Colección Ciencias Empresariales
999 _a658.02 O83
_wDEWEY
_c1
_iFJ00111
_d2019-10-22
_e2019-10-22
_f2022-1-31
_g3
_lCCODEBUJ1
_mBUJ
_n7
_p53.00
_q5
_r0
_sY
_tBOOK
_u2015-8-3
_xFCE
_PP08
_0COMPRA
_o.STAFF. Colección General Juliaca
980 _81
_gALBERTO SANCHEZ Responsable de Automatización